00378nam a2200157Ia 4500008004000000041000800040082001200048100001500060245004000075260004900115650001200164650001000176650000700186650001400193650001300207210210b1923 xxu||||| |||| 00| 0 eng d aeng a825/291 aEDDY (W A) aCritical study of Gullivers travels aNew JerseybPrinceton University Pressc1923 atravels astudy aof aGullivers aCritical